00991nam a22002297a 450000500170000000800430001702000160006005000250007610000290010124501580013025000120028826000420030030000230034244000580036550000520042365000420047570000320051770000350054994200130058499900190059795201450061620231121123606.0231023b sp |||||||| |||| 00| 0 spa d a8481517534 04aKI457.L6 bL63 19981 aLocke, Jonh, e1632-170413aLecciones sobre la ley naturalb : discurso fúnebre del censorc / Jonh Locke ; Introd. Manuel Salguero ; traduccion Manuel Salguero, Andrés Espinoza a1a ed.  aGranada, España ; bComares, c1998 a161 p. ; c22 cm.  aBblioteca Comares de Ciencia Jurídica ; n No. 4 a# 580 Donacion: Dr. Rafael Mendoza 6/JUL./2021  72lemba Derecho y procedimiento penal 1 a Salguero, ManueleIntrod.1 aSalguero, Manuel e traduccion 2lcccLIB c168693d168691 102lcc4070aLIC-020bLIC-020cGENERALd2023-10-23f1a ed. kEHl0oKI457.L6 L63 1998 pBFF000040537r2023-10-23 00:00:00tC:1v1.00yLIB